MARC

LEADER 00000nam0a2200000 4500
001 275190
005 20231031230555.0
035 |a (RuTPU)RU\TPU\book\298422 
090 |a 275190 
100 |a 20141112d1985 m y0rusy50 ca 
101 0 |a rus 
102 |a RU 
105 |a a j 001zy 
200 1 |a Гидропривод металлорежущих станков и роботов  |e конспект лекций   |f Н. В. Казаков  |g Саратовский политехнический институт (СПИ) 
210 |a Саратов  |c Изд-во СПИ  |d 1985 
215 |a 48 с.  |c ил. 
320 |a Библиогр.: с. 47 
606 1 |a Металлорежущие станки  |x Гидравлические приводы  |2 stltpush  |3 (RuTPU)RU\TPU\subj\74364 
610 1 |a гидроприводы 
610 1 |a роботы 
610 1 |a учебные пособия 
610 1 |a гидросистемы 
610 1 |a жидкость 
610 1 |a движение 
610 1 |a питание 
610 1 |a гидроаппараты 
610 1 |a гидравлические усилители 
610 1 |a источники 
675 |a 621.9.06-82(075.8)  |v 3 
700 1 |a Казаков  |b Н. В.  |g Николай Викторович 
712 0 2 |a Саратовский политехнический институт (СПИ)  |c (1960-1992)  |2 stltpush  |3 (RuTPU)RU\TPU\col\283 
801 1 |a RU  |b 63413507  |c 20141112 
801 2 |a RU  |b 63413507  |c 20170328  |g RCR 
942 |c BK